[Event "Portland op"]
[Site "Portland"]
[Date "1998.01.17"]
[Round "1"]
[White "Baker, Mike"]
[Black "Elowitch, Stanley"]
[Result "1/2-1/2"]
[WhiteElo "1908"]
[BlackElo "2279"]
[PlyCount "120"]
[EventDate "1998.01.??"]
[EventType "swiss"]
[EventRounds "5"]
[EventCountry "USA"]
[SourceTitle "EXT 2005"]
[Source "ChessBase"]
[SourceDate "2004.11.15"]
[SourceVersion "1"]
[SourceVersionDate "2004.11.15"]
[SourceQuality "1"]

1. d4 Nf6 2. Nc3 c5 3. d5 d6 4. e4 g6 5. h3 Bg7 6. Bb5+ Bd7 7. Qe2 a6 8. Bxd7+ Nbxd7 9. f4 0-0 10. Nf3 b5 11. e5 Nh5 12. Kf2 dxe5 13. fxe5 b4 14. g4 bxc3 15. gxh5 Nb6 16. bxc3 Qxd5 17. Qd3 Qe6 18. Bf4 Nd5 19. Bg3 Bh6 20. Rae1 Nf4 21. Bxf4 Bxf4 22. Re4 Bh6 23. Rg4 Rfd8 24. Qe4 f5 25. exf6 Qxe4 26. Rxe4 exf6 27. hxg6 hxg6 28. Re6 Kf7 29. Rhe1 Bf8 30. Rb6 Rdb8 31. Ree6 Rxb6 32. Rxb6 Ra7 33. c4 Be7 34. Nd2 f5 35. Nb3 Bf6 36. Kf3 Be7 37. Rc6 Rd7 38. Rxa6 Rd1 39. a4 Rf1+ 40. Kg2 Rf4 41. Na5 Bh4 42. Nc6 Rf2+ 43. Kh1 Kf6 44. Rb6 f4 45. a5 f3 46. a6 Bg3 47. Nd4+ Kg7 48. Nxf3 Rxf3 49. Kg2 Ra3 50. Rb3 Rxb3 51. cxb3 Bb8 52. Kf3 Kf6 53. Ke4 Ke6 54. h4 Kd6 55. Kf4 Kc6+ 56. Kg5 Kb6 57. Kxg6 Kxa6 58. Kf5 Bg3 59. h5 Ka5 60. Ke4 Kb4 1/2-1/2